<?xml version="1.0" encoding="UTF-8"?>
<record
    xmlns:xsi="http://www.w3.org/2001/XMLSchema-instance"
    xsi:schemaLocation="http://www.loc.gov/MARC21/slim http://www.loc.gov/standards/marcxml/schema/MARC21slim.xsd"
    xmlns="http://www.loc.gov/MARC21/slim">

  <leader>00857nam a2200253 a 4500</leader>
  <controlfield tag="001">BRL_1560</controlfield>
  <controlfield tag="005">20190320211249.0</controlfield>
  <controlfield tag="008">060314s1945----mx-ab#####---#000-0#esp-#</controlfield>
  <datafield tag="041" ind1=" " ind2=" ">
    <subfield code="a">esp</subfield>
  </datafield>
  <datafield tag="044" ind1=" " ind2=" ">
    <subfield code="a">mx</subfield>
  </datafield>
  <datafield tag="050" ind1=" " ind2="4">
    <subfield code="a">F1219.1.C25</subfield>
    <subfield code="b">.R89 1945</subfield>
  </datafield>
  <datafield tag="100" ind1="1" ind2=" ">
    <subfield code="a">Ruz Lhuillier, Alberto</subfield>
    <subfield code="d">1906-1979</subfield>
    <subfield code="9">23585</subfield>
  </datafield>
  <datafield tag="245" ind1="1" ind2="0">
    <subfield code="a">Campeche en la arqueolog&#xED;a maya</subfield>
    <subfield code="c">Alberto Ruz Lhuillier.</subfield>
  </datafield>
  <datafield tag="260" ind1=" " ind2=" ">
    <subfield code="a">M&#xE9;xico</subfield>
    <subfield code="b">Sociedad de Alumnos de la Escuela Nacional de Antropolog&#xED;a</subfield>
    <subfield code="c">1945</subfield>
  </datafield>
  <datafield tag="300" ind1=" " ind2=" ">
    <subfield code="a">127 p.</subfield>
    <subfield code="b">il., mapas, l&#xE1;minas</subfield>
    <subfield code="c">23 cm.</subfield>
    <subfield code="e">+ 1 mapa plegable (70x70 cm.)</subfield>
  </datafield>
  <datafield tag="440" ind1=" " ind2="0">
    <subfield code="a">Acta Antropol&#xF3;gica</subfield>
    <subfield code="v">I: 2-3</subfield>
    <subfield code="9">27281</subfield>
  </datafield>
  <datafield tag="500" ind1=" " ind2=" ">
    <subfield code="a">Au1442</subfield>
  </datafield>
  <datafield tag="500" ind1=" " ind2=" ">
    <subfield code="a">Estado f&#xED;sico: Lomo en malas condiciones</subfield>
  </datafield>
  <datafield tag="504" ind1=" " ind2=" ">
    <subfield code="a">Bibliograf&#xED;a: p. 111-123</subfield>
  </datafield>
  <datafield tag="650" ind1="1" ind2="4">
    <subfield code="a">Mayas</subfield>
    <subfield code="x">Antig&#xFC;edades</subfield>
    <subfield code="9">9555</subfield>
  </datafield>
  <datafield tag="651" ind1=" " ind2="4">
    <subfield code="a">Campeche (Estado)</subfield>
    <subfield code="x">Antig&#xFC;edades</subfield>
    <subfield code="9">27282</subfield>
  </datafield>
  <datafield tag="902" ind1=" " ind2=" ">
    <subfield code="a">GRL</subfield>
  </datafield>
  <datafield tag="942" ind1=" " ind2=" ">
    <subfield code="2">lcc</subfield>
    <subfield code="c">B</subfield>
  </datafield>
  <datafield tag="999" ind1=" " ind2=" ">
    <subfield code="c">10369</subfield>
    <subfield code="d">10369</subfield>
  </datafield>
  <datafield tag="952" ind1=" " ind2=" ">
    <subfield code="0">0</subfield>
    <subfield code="1">0</subfield>
    <subfield code="4">0</subfield>
    <subfield code="7">0</subfield>
    <subfield code="a">BRL</subfield>
    <subfield code="b">BRL</subfield>
    <subfield code="d">2014-03-06</subfield>
    <subfield code="i">Au1442</subfield>
    <subfield code="l">0</subfield>
    <subfield code="o">F1219.1.C25 .R89 1945 (Au1442)</subfield>
    <subfield code="p">GRL01719</subfield>
    <subfield code="r">2019-03-22 00:00:00</subfield>
    <subfield code="w">2019-03-22</subfield>
    <subfield code="y">B</subfield>
  </datafield>
</record>
